000 01037nam a2200277Ia 4500
003 OSt
005 20221005111255.0
006 a|||||r|||| 00| 0
007 ta
008 221004b |||||||| |||| 00| 0 hin d
020 _a8181435877 (hbk)
_c250
024 _a19716
037 _b517, 21/03/2015, Vani Prakashan
_cTextual
040 _aCRL
_cCRL
_bhin
041 _2hin
_ahin
082 _aU8.559G, 152P6
100 _aजोशी, मनोहर श्याम
245 0 _aपश्चिमी जर्मनी पर उड़ती नज़र
246 _aPashchimī jarmanī par uड़tī naज़ra
260 _aनई दिल्ली
_bवाणी प्रकाशन भारत
_c2006
300 _a119पृ0
_ccm.
490 _aयात्रा - संस्मरण
650 _aभारतीय-भूगोल
942 _hU8.559G, 152P6
_cTEXL
_2cc
999 _c1021339
_d1021339